000 01044nam a2200217 i 4500
001 20029
003 ES-MaACL
005 20230906152222.0
007 t|
008 021113s1890 sp ||||1| spa d
245 0 3 _aEl ramo de montes /
_cpor un forestal [rec.].
260 _aMadrid :
_b[s.n.],
_c1890 (
_fImp. de Moreno y Rojas)
300 _a22 p. ;
_c25 cm.
500 _aUn forestal es seud. de Primitivo Artigas y Teixidor.
530 _aDisponible en formato digital.
595 _aEn port.: Artículos publicados en el periodico "El Globo", en los números de noviembre, diciembre de 1889, marzo y mayo del corriente año y empezados a reproducir en la "Revista de Montes" y en la "Revista de Montes y Plantíos"
650 4 _aOrdenación de montes-
_zEspaña.
_9157009
852 _aES-MaACL
_jT-831-F-1
_z.- Enc. en un vol. facticio conservando la enc. original
_z.- Ded. ms. de Primitivo Artigas
852 _aES-MaACL
_jT-1289-F-10
856 _uhttp://bdh-rd.bne.es/viewer.vm?id=0000077952&page=1
_zBiblioteca Digital Hispánica
999 _c20029
_d20029